Statystyki dla 10 najzimniejszych krajów Azji

Kliknij tutaj aby rozwiązać quiz!

Ogólne statystyki

  • Ten quiz został rozwiązany 2 026 razy
  • Średni wynik to 8 z 11

Statystyki odpowiedzi

° CPaństwo% Poprawnych
-5.10Rosja
96%
6.95Chiny
90%
-0.70Mongolia
88%
6.40Kazachstan
86%
5.70Korea Północna
74%
1.55Kirgistan
69%
2.00Tadżykistan
69%
8.10Nepal
67%
5.80Gruzja
63%
7.15Armenia
62%
7.40Bhutan
57%

Rozkład punktacji

Percentyl według liczby udzielonych odpowiedzi

Procent ludzi z każdym wynikiem

Twoja historia wyników

Nie rozwiązałeś tego quizu